<?xml version="1.0" encoding="UTF-8"?><?xml-stylesheet type="text/xsl" href="static/style.xsl"?><OAI-PMH xmlns="http://www.openarchives.org/OAI/2.0/" xmlns:xsi="http://www.w3.org/2001/XMLSchema-instance" xsi:schemaLocation="http://www.openarchives.org/OAI/2.0/ http://www.openarchives.org/OAI/2.0/OAI-PMH.xsd"><responseDate>2026-04-17T02:29:09Z</responseDate><request verb="GetRecord" identifier="oai:www.recercat.cat:10459.1/64260" metadataPrefix="marc">https://recercat.cat/oai/request</request><GetRecord><record><header><identifier>oai:recercat.cat:10459.1/64260</identifier><datestamp>2024-12-05T22:48:06Z</datestamp><setSpec>com_2072_3622</setSpec><setSpec>col_2072_479130</setSpec></header><metadata><record xmlns="http://www.loc.gov/MARC21/slim" xmlns:dcterms="http://purl.org/dc/terms/" xmlns:xsi="http://www.w3.org/2001/XMLSchema-instance" xmlns:doc="http://www.lyncode.com/xoai" xsi:schemaLocation="http://www.loc.gov/MARC21/slim http://www.loc.gov/standards/marcxml/schema/MARC21slim.xsd">
   <leader>00925njm 22002777a 4500</leader>
   <datafield ind2=" " ind1=" " tag="042">
      <subfield code="a">dc</subfield>
   </datafield>
   <datafield ind2=" " ind1=" " tag="720">
      <subfield code="a">Mattiolo, Paolo</subfield>
      <subfield code="e">author</subfield>
   </datafield>
   <datafield ind2=" " ind1=" " tag="260">
      <subfield code="c">2016-04-12T12:19:25Z</subfield>
   </datafield>
   <datafield ind2=" " ind1=" " tag="260">
      <subfield code="c">2016-04-12T12:19:25Z</subfield>
   </datafield>
   <datafield ind2=" " ind1=" " tag="260">
      <subfield code="c">2016-01-08</subfield>
   </datafield>
   <datafield ind2=" " ind1=" " tag="520">
      <subfield code="a">The 1st part of the thesis demonstrates that autophagy promotes cell death by an intrinsic apoptotic pathway at the early times of trophic-nutritional deprivation. In this paradigm, autophagy also promotes apoptosis induced by anticancer drugs. At longer times, autophagy displays its assumed protective role on starved cells. Time, being the only determinant of the dual role of autophagy on cell fate, is a novelty that impinges on tumor biology and therapy. The 2nd part of the thesis focuses on the compound 2-phenylethynesulfonamide (PES) with a promising lethal selectivity for cancer cells, already published. PES is an inhibitor of Heat Shock Protein 70 and autophagy, thus impairing cell proteostasis. The thesis reveals a positive feed-back between reactive oxygen species and p53 in the PES mode of action. Finally, PES uncovers an unexpected pro-survival function of BAX protein, precisely the promotion of mitochondrial fusion.</subfield>
   </datafield>
   <datafield ind2=" " ind1=" " tag="520">
      <subfield code="a">La primera part de la tesi demostra que l'autofàgia promou la mort cel•lular per una via apoptòtica intrínseca a temps inicials de la privació-tròfica nutricional. En aquest paradigma, l'autofàgia també promou l’apoptosi induïda per fàrmacs anticancerosos. A temps més llargs, l'autofàgia mostra el seu paper protector. El temps com a únic determinant de la funció dual de l'autofàgia en el destí cel•lular és una novetat, que incideix en la biologia i teràpia antitumoral. La segona part de la tesi estudia el compost 2-feniletísulfonamida (PES) amb una prometedora letalitat selectivitat pel càncer, ja publicada. PES és un inhibidor de “Heat Shock Protein 70” i autofàgia, fet que trenca la proteostasi cel•lular. La tesi revela una retroalimentació positiva entre espècies reactives d’oxigen i p53 en el mecanisme d’acció de PES. Finalment, PES posa de manifest una funció inesperada i pro-supervivència de la proteïna BAX, concretament promoure la fusió mitocondrial.</subfield>
   </datafield>
   <datafield ind2=" " ind1=" " tag="520">
      <subfield code="a">La primera parte de la tesis demuestra que la autofagia promueve la muerte celular por vía apoptótica intrínseca a tiempos tempranos de privación trófico-nutricional. En este paradigma, la autofagia también promueve apoptosis inducida por fármacos anticancerosos. A tiempos más largos, la autofagia muestra su papel protector. El tiempo como único determinante de la función dual de la autofagia en el destino celular es una novedad, que incide en la biología y terapia antitumoral. La segunda parte de la tesis estudia el compuesto 2-feniletinosulfonamida (PES) con una prometedora letalidad selectiva por el cáncer, ya publicada. PES es un inhibidor de "Heat Shock Protein 70" y autofagia, lo cual rompe la proteostasis celular. La tesis revela una retroalimentación positiva entre especies reactivas de oxígeno y p53 en el mecanismo de acción de PES. Finalmente, PES pone de manifiesto una función inesperada y pro-supervivencia de la proteína BAX, concretamente promover la fusión mitocondrial.</subfield>
   </datafield>
   <datafield ind1="8" ind2=" " tag="024">
      <subfield code="a">http://hdl.handle.net/10459.1/64260</subfield>
   </datafield>
   <datafield tag="653" ind2=" " ind1=" ">
      <subfield code="a">Autofàgia</subfield>
   </datafield>
   <datafield tag="653" ind2=" " ind1=" ">
      <subfield code="a">Apoptosi</subfield>
   </datafield>
   <datafield tag="653" ind2=" " ind1=" ">
      <subfield code="a">Necrosi</subfield>
   </datafield>
   <datafield tag="653" ind2=" " ind1=" ">
      <subfield code="a">Autofagia</subfield>
   </datafield>
   <datafield tag="653" ind2=" " ind1=" ">
      <subfield code="a">Apoptosis</subfield>
   </datafield>
   <datafield tag="653" ind2=" " ind1=" ">
      <subfield code="a">Necrosis</subfield>
   </datafield>
   <datafield tag="653" ind2=" " ind1=" ">
      <subfield code="a">Autophagy</subfield>
   </datafield>
   <datafield tag="653" ind2=" " ind1=" ">
      <subfield code="a">Farmacologia</subfield>
   </datafield>
   <datafield tag="653" ind2=" " ind1=" ">
      <subfield code="a">576</subfield>
   </datafield>
   <datafield ind2="0" ind1="0" tag="245">
      <subfield code="a">Autophagy as a cell fate determinant facing drugs and trophic-nutritional deprivation</subfield>
   </datafield>
</record></metadata></record></GetRecord></OAI-PMH>